| 000 | 00595nam a2200205 4500 | ||
|---|---|---|---|
| 003 | OSt | ||
| 005 | 20260601193854.0 | ||
| 008 | 260506b |||||||| |||| 00| 0 ger d | ||
| 020 | _a9783938666203 | ||
| 040 |
_aICI _bspa _cICI |
||
| 050 |
_aNA2542.36 _bO75 |
||
| 100 | 1 |
_aLunger, Christian _932818 |
|
| 245 | 1 |
_aOrientierung auf reisen; _bTouristische Leitsysteme _cChristian Lunger; Markus Sheiber |
|
| 264 |
_bDom Publishers _c2009 _aAlemania |
||
| 300 | _a418 páginas | ||
| 336 |
_atexto _2rdacontent |
||
| 337 |
_asin medio _2rdamedia |
||
| 338 |
_avolumen _2rdacarrier |
||
| 942 |
_2lcc _cB _n1 |
||
| 999 |
_c21989 _d21989 |
||